Statystyki dla Największe miasto Począwszy od B w tym kraju

Kliknij tutaj aby rozwiązać quiz!

Ogólne statystyki

  • Ten quiz został rozwiązany 148 razy
    (146 od ostatniego zresetowania)
  • Średni wynik to 11 z 19

Statystyki odpowiedzi

KrajB Miasto% Poprawnych
NiemcyBerlin
91%
BrazyliaBrasília
91%
HiszpaniaBarcelona
89%
WęgryBudapeszt
87%
ArgentynaBuenos Aires
85%
KolumbiaBogota
81%
CzechyBrno
78%
Wielka BrytaniaBirmingham
75%
IrakBagdad
68%
LibanBejrut
68%
FrancjaBordeaux
59%
WłochyBolonia
57%
NorwegiaBergen
53%
AustraliaBrisbane
46%
MaliBamako
45%
BruneiBandar Seri Begawan
33%
IndieBengaluru
16%
RosjaBarnauł
4%
KanadaBrampton
4%

Rozkład punktacji

Percentyl według liczby udzielonych odpowiedzi

Procent ludzi z każdym wynikiem

Twoja historia wyników

Nie rozwiązałeś tego quizu od ostatniego zresetowania